000 00453nam a2200181Ia 4500
001 18363
005 20260306171625.0
008 260306s9999||||xx |||||||||||||| ||und||
041 _aESP
082 _a658.4034
_bH54F
100 _aHillier, Frederick S.
_eAUT
245 0 _aFundamentos de investigación de operaciones
260 _c2014
300 _axxix, 441 pƔginas :
_c27 cm.
650 _aGEN
654 _aCAN
942 _cLIB
_dJUS
_fJUS
_2ddc
_n
999 _c18363
_d18363